Theopompus of Chios, Epimenides and Einstein's theory of relativity
Saved in:
| Main Author: | |
|---|---|
| Format: | Book |
| Language: | English |
| Published: |
Napoli :
Gaetano Magghiaroli,
1998
|
| Subjects: | |
| Tags: |
Add Tag
No Tags, Be the first to tag this record!
|
MARC
| LEADER | 00000cam a2200000 i 4500 | ||
|---|---|---|---|
| 001 | 1/44994 | ||
| 008 | 070524s1998 eng d | ||
| 035 | |l 10088002 | ||
| 040 | |a GR-MY-UA |b gre |e aacr | ||
| 041 | 0 | |a eng | |
| 082 | 0 | |a 938.11 ΣΤΡ |2 (22) | |
| 100 | 1 | |a Στραταριδάκη, Άννα Ι. | |
| 245 | 1 | 0 | |a Theopompus of Chios, Epimenides and Einstein's theory of relativity |h [ανάτυπο] / |c Anna Strataridaki |
| 260 | |a Napoli : |b Gaetano Magghiaroli, |c 1998 | ||
| 300 | |a 6 σ.; |c 24 εκ. | ||
| 500 | |a ανάτυπο απο: La parola del passato, rivista di studi antighi | ||
| 500 | |a μελέτη 5 | ||
| 600 | 0 | 0 | |a Επιμενίδης ο Κρης. |
| 600 | 0 | 0 | |a Θεόπομπος ο Χίος, |d 4ος αι. π.Χ. |
| 650 | 0 | 0 | |a Knossos (Extinct city) |x History. |
| 852 | |a INST |b RHODES |e 20070524 |h 938.11 ΣΤΡ |p 005400026554 |q 005400026554 |t BK |y 0 | ||
| 901 | |a BIBL4-2007-2 | ||
| 909 | |a Ρ |b 127931 | ||
| 970 | |a ΜΙΣΣΟΣ |b ΣΤΑΥΡΟΣ |z 2007/05/24 | ||